000 00876nam a22002177a 4500
999 _c12517
_d12517
003 AR-CdUCM
008 190409b ||||| |||| 00| 0 spa d
040 _aMUNICIPALIDAD PROVINCIAL DEL CUSCO
_cBIBLIOTECA MUNICIPAL DEL CUSCO
082 _22 ed.
_a 611 /
_bM64 / 1916
100 _aMiro Quesada, Oscar
_922976
245 _aLa salud y el cuerpo humano :
_bNociones de anatomía, fisiológica é higiene /
260 _aLima
_bLibr. Escolar é Impr. E. Moreno,
_c1916.
300 _a110 páginas ;
_c25 cm.
440 _aExtensión universitaria
_930387
505 _aContenido : Los microbios -- Las batallas de salud -- La destrucción de los microbios -- Higiene pública y privada -- Aislamiento y desinfección ...
650 _aSalud pública
_96404
650 _aEnfermedades
_95611
650 _aHigiene
_925829
942 _2ddc
_cLIBROS
945 _arah
_d09/04/2019